00331nam a2200133Ia 45000030006000000080041000060400015000471000019000622450040000812500010001212600037001315460012001680050017001800STCL150530s9999 xx 000 0 und d aSTCLcSTCL aCarruthers, W. aModern methods of organic synthesis aThird bCambridge university pressc1996 aEnglish20220125170318.0